Dry beans and pulses production, processing and nutrition.

"This second edition is updated throughout to incorporate the latest research, consumer trends, new products, and food security issues, and features four new chapters: Hard-to-cook phenomenon and other storage induced quality defects in dry beans and pulses Quality assessment of raw and process...

Fuld beskrivelse

Saved in:
Bibliografiske detaljer
Andre forfattere: Siddiq, Muhammad, 1957- (Editor), Uebersax, Mark A. (Editor)
Format: Bog
Sprog:engelsk
Udgivet: Hoboken, NJ., USA: Wiley, 2022.
Udgivelse:Second edition.
Fag:
Tags: Tilføj Tag
Ingen Tags, Vær først til at tagge denne postø!

MARC

LEADER 00000cam a22000008i 4500
001 22082358
003 CL-VaPUC
005 20250314121627.0
008 210616s2022 nju b 001 0 eng c
999 |c 445622  |d 445620 
010 |a  2021027853 
020 |a 9781119777113  |q (cloth) 
040 |a MdU/DLC  |b eng  |e rda  |c Pontificia Universidad Católica de Valparaíso 
042 |a pcc 
050 0 0 |a TP444.B38  |b D79 2021 
082 0 0 |a 664.0284 SIQ 2022  |2 23 
100 1 |a Siddiq, Muhammad,  |d 1957-  |e editor  |9 896421 
245 0 0 |a Dry beans and pulses production, processing and nutrition. 
250 |a Second edition. 
260 |a Hoboken, NJ., USA:  |b Wiley,   |c 2022. 
300 |a xii, 578 páginas :  |b ilustraciones. 
504 |a Includes bibliographical references and index. 
520 |a "This second edition is updated throughout to incorporate the latest research, consumer trends, new products, and food security issues, and features four new chapters: Hard-to-cook phenomenon and other storage induced quality defects in dry beans and pulses Quality assessment of raw and processed legumes using innovative technologies Utilization of dry beans and pulses as ingredients in diverse food product Faba bean production, processing, products and nutritional profile Blurb for the first edition: Dry Beans Production, Processing and Nutrition provides a contemporary source of information that brings together current knowledge and practices in the value chain of dry beans production, processing, and nutrition. Coverage is extensive and includes production/postharvest technologies; value-added processing and packaging technologies; nutrition and significance in human health; and quality management. In addition to conventional products, the book covers new technologies for beans -- minimally processed bean products, bean-based extruded snacks, and the latest nutritional and human health interventions utilizing dry beans. The diverse nutritional properties of dry beans, especially antioxidant properties, are explored for their applications as functional foods, gluten-free alternatives and as weight management aids. Covering both traditional and non-traditional bean classes produced and consumed worldwide, Dry Beans Production, Processing and Nutrition is an essential resource for scientists, processors and nutritionists, whatever the work setting"--  |c Provided by publisher. 
583 |c 20250308 
650 0 |a Porotos secos  |9 896422 
650 0 |a  Industria de alimentos secos.  |9 896423 
700 1 |a Uebersax, Mark A.,  |e editor  |9 896424 
942 |2 ddc  |c BK 
952 |0 0  |1 0  |2 ddc  |4 0  |6 664_028400000000000_SIQ_2021  |7 0  |8 A  |9 600616  |a BIBAGR  |b BIBAGR  |d 2025-03-05  |e 3  |g 270785.00  |i 5665534  |o 664.0284 SIQ 2021  |p 5665534  |r 2025-03-05  |t 1  |v 270785.00  |w 2025-03-05  |y BK  |k AGR